La coordinazione genitoriale (Record n. 359763)

Dettagli MARC
000 -LEADER
campo di controllo lung. fissa 00713nam a22002417a 4500
003 - Identificatore del numero di controllo
campo di controllo IT-MiCISF
005 - Data e orario dell'ultima transazione
campo di controllo 20230525153451.0
008 - Elementi di lunghezza fissa--Informazione generale
campo di controllo lung. fissa 230525b |||||||| |||| 00| 0 eng d
022 ## - ISSN (International Standard Serial Number)
ISSN (International Standard Serial Number) 1594-1914
040 ## - Fonte della catalogazione
Agenzia che fa la trascrizione IT-MiCISF
041 ## - Codice di lingua
Codice di lingua del testo/traccia sonora o titolo separato it
100 ## - Accesso principale -- nome di persona
Nome di persona Ciavarella Claudio (et al.)
9 (RLIN) 60153
245 ## - Formulazione del titolo
Titolo La coordinazione genitoriale
250 ## - Formulazione di edizione
Formulazione di edizione "Consultori familiari oggi", n. 2, luglio-dicembre
260 ## - Pubblicazione, distribuzione, ecc. (stampa)
Data di pubblicazione, distribuzione, ecc. 2022
300 ## - Descrizione fisica
Estensione pp. 114-134
310 ## - Periodicità corrente della pubblicazione
Periodicità corrente della pubblicazione semestrale
500 ## - Nota generale
Nota generale consultori, divorzio, conflitto, tecniche-terapeutiche
650 ## - Accesso aggiunto di soggetto--termine topico
Termine topico o nome geografico come accesso consulenza-familiare
9 (RLIN) 60154
654 ## - Accesso aggiunto di soggetto--termini topici faccettati
Termine principale articolo
700 ## - Accesso aggiunto--nome di persona
Nome di persona Episcopo Annalisa, Franco Anna Maria, Serighelli Elisa
9 (RLIN) 60155
942 ## - Dati aggiuntivi (Koha)
Fonte della classificazione o dello schema di collocazione (segnatura) Dewey Decimal Classification
Tipo copia default (Koha) RIVISTA
Dati di copia
Ritirato (status) Perso (status) Fonte della classificazione o dello schema di collocazione (segnatura) Danneggiato (status) Non per il presito Biblioteca proprietaria Biblioteca in cui si trova Data d'acquisizione Totale prestiti Collocazione Data ultima operazione Prezzo in vigore dal Tipo copia default (Koha)
    Dewey Decimal Classification Buone Condizioni Not For Loan CISF - Milano CISF - Milano 25/05/2023   A09/R103 25/05/2023 25/05/2023 RIVISTA
CREDITS: SOCIETA' SAN PAOLO Via A.Severo, 58 - ROMA (RM) & PERIODICI SAN PAOLO SRL Via Giotto, 36 MILANO & CISF Via Giotto, 36 MILANO & EDIZIONI SAN PAOLO SRL,  Piazza Soncino, 5 CINISELLO BALSAMO (MI) -- ITALY